Pracovisko na meranie spektrálnych charakteristík fotodiód : Dipl.práca

Enregistré dans:
Détails bibliographiques
Auteur principal: Proňuk, Jaroslav (Auteur)
Autres auteurs: Šatka, Alexander, 1960- (Directeur de thèse)
Format: Manuscrit Livre
Langue:slovaque
Publié: Bratislava : STU v Bratislave FEI, 1999
Sujets:
Tags: Ajouter un tag
Pas de tags, Soyez le premier à ajouter un tag!

MARC

LEADER 00000ntm a22000003a 4500
001 stu52752
005 20160719164856.2
008 000323s1999----xo------------------slo-d
040 |a STU  |b slo 
041 0 |a slo 
044 |a xo 
100 1 |a Proňuk, Jaroslav  |4 aut 
245 1 |a Pracovisko na meranie spektrálnych charakteristík fotodiód :  |b Dipl.práca 
260 |a Bratislava :  |b STU v Bratislave FEI,  |c 1999 
300 |a 43 s  |c príl. 
650 7 |a elektronika  |2 stusub 
700 1 |a Šatka, Alexander,  |d 1960-  |4 ths  |u E030  |U FEI Fakulta elektrotechniky a informatiky  |T FEI Ústav elektroniky a fotoniky  |X 1865  |U E030  |Y 549  |7 A000001865